000 00242nam a2200109Ia 4500
008 220204s9999 xx 000 0 und d
082 _a82-3
_bCAR
100 _aCarmen, M
245 0 _aLost virgins
260 _aDelhi
_bHind
_c1977
942 _cBK
999 _c29089
_d29089